[Event "Swiss Queens Wed #1"]
[Site "FIDE Online Arena INT"]
[Date "2024.01.31"]
[Round "2"]
[White "Pham, Le Thao Nguyen"]
[Black "Moncayo Romero, Evelyn"]
[Result "1-0"]
[WhiteElo "2395"]
[BlackElo "2095"]
[PlyCount "73"]
[EventDate "2024.01.31"]
[EventType "swiss (blitz)"]
[EventRounds "11"]
[EventCountry "NET"]
[SourceTitle "CB06_2024"]
[SourceDate "2024.02.07"]
[SourceVersion "1"]
[SourceVersionDate "2024.02.07"]
[SourceQuality "1"]

1. d4 Nf6 2. Nf3 e6 3. Bf4 d5 4. e3 Be7 5. Nbd2 b6 6. Bd3 Bb7 7. 0-0 Ne4 8. Ne5 Nd7 9. Bb5 Nef6 10. Bg5 0-0 11. Nc6 Bxc6 12. Bxc6 Rb8 13. c4 h6 14. Bh4 dxc4 15. Nxc4 Nd5 16. Bg3 b5 17. Na5 Rb6 18. a3 Bd6 19. Rc1 Qe7 20. b4 Nb8 21. Bxd6 Qxd6 22. Bxd5 exd5 23. Qc2 c6 24. Qf5 Re8 25. Rc2 Re6 26. Rfc1 Ra6 27. h3 Nd7 28. Rxc6 Rxc6 29. Rxc6 Qe7 30. Qxd5 Nf6 31. Qxb5 Rxe3 32. fxe3 Qxe3+ 33. Kh1 Qe1+ 34. Kh2 Ne4 35. Rc8+ Kh7 36. Qf5+ g6 37. Qxf7# 1-0

[Event "GER-ch Rapid (Women)"]
[Site "Dinkelsbuehl"]
[Date "2023.11.12"]
[Round "8"]
[White "Stangl, Anita"]
[Black "Moncayo Romero, Evelyn"]
[Result "0-1"]
[WhiteElo "1897"]
[BlackElo "2083"]
[PlyCount "108"]
[EventDate "2023.11.11"]
[EventType "swiss (rapid)"]
[EventRounds "9"]
[EventCountry "GER"]
[SourceTitle "CB47_2023"]
[SourceDate "2023.11.22"]
[SourceVersion "1"]
[SourceVersionDate "2023.11.22"]
[SourceQuality "1"]

1. e4 c5 2. Nf3 d6 3. d4 cxd4 4. Nxd4 Nf6 5. Nc3 a6 6. Bc4 e6 7. a3 b5 8. Ba2 Be7 9. 0-0 0-0 10. Nde2 Bb7 11. Ng3 Nbd7 12. f4 Rc8 13. Qe2 b4 14. axb4 Qb6+ 15. Kh1 Qxb4 16. f5 e5 17. Nd5 Nxd5 18. exd5 Nf6 19. c4 Rc7 20. b3 Bc8 21. Bd2 Qb6 22. Rf3 Qd4 23. Raf1 Qb2 24. Ba5 Qxe2 25. Nxe2 Rb7 26. h3 h5 27. Bb1 Bd7 28. Bc2 Rc8 29. Ra1 Ra7 30. Rc3 Ne8 31. Bb6 Raa8 32. b4 Bf6 33. Be4 Bd8 34. Bf2 Nf6 35. Bc2 e4 36. Bg3 Be7 37. Nd4 Nxd5 38. Rca3 Nxb4 39. Bxe4 Rab8 40. Rc3 h4 41. Bf2 d5 42. Bf3 Bf6 43. c5 Bxf5 44. Rd1 Be4 45. Bg4 Rc7 46. Rb3 a5 47. Nf5 Bc2 48. Rxb4 axb4 49. Rxd5 b3 50. Be3 b2 51. Bf4 b1Q+ 52. Kh2 Be4 53. Rd1 Qc2 54. Rd2 Be5 0-1

[Event "BL 2223 (Women)"]
[Site "Germany"]
[Date "2023.04.29"]
[Round "9.2"]
[White "Sliwicka, Alicja"]
[Black "Moncayo Romero, Evelyn"]
[Result "1-0"]
[WhiteElo "2254"]
[BlackElo "2081"]
[PlyCount "63"]
[EventDate "2022.10.15"]
[EventType "team-tourn"]
[EventRounds "11"]
[EventCountry "GER"]
[SourceTitle "EXT 2024"]
[Source "ChessBase"]
[SourceDate "2023.10.10"]
[SourceVersion "1"]
[SourceVersionDate "2023.10.10"]
[SourceQuality "1"]
[WhiteTeam "Rodewisch (W)"]
[BlackTeam "Leipzig Weissblau (W)"]
[WhiteTeamCountry "GER"]
[BlackTeamCountry "GER"]

1. e4 c5 2. Nf3 d6 3. d4 cxd4 4. Nxd4 Nf6 5. Nc3 a6 6. h3 e5 7. Nb3 h5 8. Bg5 Be6 9. f4 exf4 10. Qd2 Nc6 11. Be2 Ne5 12. Nd4 Rc8 13. Qxf4 Be7 14. Nxe6 fxe6 15. Qd2 Qb6 16. 0-0-0 0-0 17. Be3 Qc6 18. Qd4 b5 19. Rhg1 Rf7 20. g4 hxg4 21. hxg4 Nc4 22. g5 Nxe4 23. g6 Rf5 24. Bxc4 d5 25. Nxd5 Rxd5 26. Qxd5 Qxc4 27. Qxc4 Rxc4 28. Rd4 Bf6 29. Rxc4 bxc4 30. Rg4 Nd6 31. Bc5 Nf5 32. Rxc4 1-0

[Event "BL 2223 (Women)"]
[Site "Germany"]
[Date "2023.02.19"]
[Round "6.4"]
[White "Rapport, Jovana"]
[Black "Moncayo Romero, Evelyn"]
[Result "1-0"]
[WhiteElo "2295"]
[BlackElo "2081"]
[PlyCount "65"]
[EventDate "2022.10.15"]
[EventType "team-tourn"]
[EventRounds "11"]
[EventCountry "GER"]
[SourceTitle "CBM 213 Extra"]
[Source "ChessBase"]
[SourceDate "2023.05.31"]
[SourceVersion "1"]
[SourceVersionDate "2023.05.31"]
[SourceQuality "1"]
[WhiteTeam "Deizisau (W)"]
[BlackTeam "Leipzig Weissblau (W)"]
[WhiteTeamCountry "GER"]
[BlackTeamCountry "GER"]

1. e4 c5 2. Nf3 d6 3. Bb5+ Bd7 4. c4 Nc6 5. Nc3 Nf6 6. d4 cxd4 7. Nxd4 g6 8. h3 Bg7 9. Be3 0-0 10. 0-0 Rc8 11. Rc1 a6 12. Bxc6 bxc6 13. c5 d5 14. e5 Ne4 15. Nxe4 dxe4 16. e6 Be8 17. Qa4 f5 18. f4 exf3 19. Nxf3 Qd3 20. Bg5 Rc7 21. Qh4 Bf6 22. Bxf6 exf6 23. Qf4 Re7 24. Rfe1 Qb5 25. Qd6 Qb7 26. Rc3 g5 27. Rb3 Qc7 28. Nd4 Qa5 29. Rd1 Ra7 30. Rb8 Qc7 31. Nxf5 Rb7 32. Qxc7 Rxc7 33. e7 1-0

[Event "BL 2223 (Women)"]
[Site "Germany"]
[Date "2022.11.13"]
[Round "4.4"]
[White "Kucharska, Honorata"]
[Black "Moncayo Romero, Evelyn"]
[Result "1-0"]
[WhiteElo "2179"]
[BlackElo "2081"]
[PlyCount "117"]
[EventDate "2022.10.15"]
[EventType "team-tourn"]
[EventRounds "11"]
[EventCountry "GER"]
[SourceTitle "EXT 2024"]
[Source "ChessBase"]
[SourceDate "2023.10.10"]
[SourceVersion "1"]
[SourceVersionDate "2023.10.10"]
[SourceQuality "1"]
[WhiteTeam "Hemer (W)"]
[BlackTeam "Leipzig Weissblau (W)"]
[WhiteTeamCountry "GER"]
[BlackTeamCountry "GER"]

1. e4 c5 2. Nf3 d6 3. d4 cxd4 4. Qxd4 Nc6 5. Bb5 Bd7 6. Qd3 Nf6 7. c4 g6 8. 0-0 Bg7 9. Nc3 0-0 10. h3 Rc8 11. Bxc6 Bxc6 12. Be3 b6 13. Rac1 Nd7 14. Nd4 Nc5 15. Qc2 Bb7 16. Rfd1 Ne6 17. Nxe6 fxe6 18. Qd3 Qe8 19. b3 Qf7 20. f3 Be5 21. Ne2 Rfd8 22. Bd4 Bf6 23. Qe3 e5 24. Bb2 e6 25. Nc3 Qe7 26. Qd3 Bg5 27. Rb1 a6 28. a4 Qc7 29. Kh1 Qc5 30. Bc1 Bf4 31. Bxf4 exf4 32. Rd2 Kf7 33. Rbd1 Ke7 34. Ne2 Qe5 35. Nd4 g5 36. Re2 Kf6 37. Qd2 h5 38. Rf1 Rc7 39. Ree1 Rh7 40. Ne2 Ke7 41. Rd1 Rf8 42. Qb4 Qc5 43. Qc3 g4 44. b4 Qe5 45. c5 bxc5 46. Qxe5 dxe5 47. bxc5 Rc8 48. Rb1 Kf6 49. Rfc1 gxf3 50. gxf3 Rhc7 51. Rb6 a5 52. h4 Bc6 53. Nc3 Rd7 54. Nb5 Rd2 55. Rg1 Ba8 56. Rd6 Ra2 57. Rd7 Bc6 58. Rdg7 Be8 59. Nd6 1-0

[Event "Olympiad Women-42"]
[Site "Baku"]
[Date "2016.09.03"]
[Round "2.3"]
[White "Moncayo Romero, Evelyn"]
[Black "Pogonina, Natalija"]
[Result "0-1"]
[WhiteElo "2046"]
[BlackElo "2484"]
[PlyCount "64"]
[EventDate "2016.09.02"]
[EventType "team-swiss"]
[EventRounds "11"]
[EventCountry "AZE"]
[SourceTitle "CBM 174 Extra"]
[Source "ChessBase"]
[SourceDate "2016.10.10"]
[SourceVersion "1"]
[SourceVersionDate "2016.10.10"]
[SourceQuality "1"]
[WhiteTeam "Ecuador (W)"]
[BlackTeam "Russia (W)"]
[WhiteTeamCountry "ECU"]
[BlackTeamCountry "RUS"]

1. e4 e5 2. Nf3 Nc6 3. Bb5 a6 4. Ba4 Nf6 5. 0-0 b5 6. Bb3 Bb7 7. d3 Be7 8. a4 0-0 9. Nbd2 d6 10. Re1 Na5 11. Ba2 c5 12. Nf1 b4 13. Ne3 Rb8 14. Nd2 Bc8 15. Ndc4 Nc6 16. c3 Be6 17. h3 g6 18. g4 d5 19. exd5 Nxd5 20. Nxd5 Bxd5 21. Bh6 Re8 22. Nxe5 Nxe5 23. Rxe5 b3 24. c4 Ba8 25. Bxb3 Bf6 26. Rxe8+ Qxe8 27. Bc2 Qc6 28. f3 g5 29. Kg2 Bxb2 30. Bxg5 Bxa1 31. d4 Bxd4 32. Be4 Qe6 0-1

[Event "ECU pre olympic (Women)"]
[Site "Duran"]
[Date "2016.05.12"]
[Round "6"]
[White "Moncayo Romero, Evelyn"]
[Black "Penafiel Mendoza, Josselyne Stefania"]
[Result "1-0"]
[WhiteElo "2022"]
[BlackElo "1747"]
[PlyCount "63"]
[EventDate "2016.05.09"]
[EventType "tourn"]
[EventRounds "11"]
[EventCountry "ECU"]
[SourceTitle "CBM 172 Extra"]
[Source "ChessBase"]
[SourceDate "2016.06.21"]
[SourceVersion "1"]
[SourceVersionDate "2016.06.21"]
[SourceQuality "1"]

1. e4 c5 2. Nc3 Nc6 3. Bb5 Nd4 4. Nf3 Nxb5 5. Nxb5 a6 6. Nc3 b5 7. d4 cxd4 8. Qxd4 Bb7 9. a4 bxa4 10. Nxa4 Nf6 11. Nc5 Bc6 12. e5 Nd5 13. 0-0 e6 14. Ne4 h6 15. Bd2 Qb6 16. c4 Qxd4 17. Nxd4 Nb6 18. Nxc6 dxc6 19. b3 Be7 20. Nd6+ Kf8 21. Be3 Nd7 22. f4 g5 23. fxg5 Nxe5 24. Nxf7 Nxf7 25. g6 Ke8 26. gxf7+ Kf8 27. Ra5 Bd6 28. Rh5 Kg7 29. c5 Kg6 30. Rh4 Bc7 31. Rg4+ Kh7 32. Rf6 1-0

[Event "Liberec op 15th"]
[Site "Liberec"]
[Date "2015.02.16"]
[Round "4"]
[White "Frej, Zofia"]
[Black "Moncayo Romero, Evelyn"]
[Result "1/2-1/2"]
[WhiteElo "1804"]
[BlackElo "2080"]
[PlyCount "61"]
[EventDate "2015.02.14"]
[EventType "swiss"]
[EventRounds "9"]
[EventCountry "CZE"]
[SourceTitle "CBM 164 Extra"]
[Source "ChessBase"]
[SourceDate "2015.03.02"]
[SourceVersion "1"]
[SourceVersionDate "2015.03.02"]
[SourceQuality "1"]

1. e4 c5 2. Nf3 d6 3. c3 Nf6 4. h3 Nc6 5. Bd3 Bd7 6. 0-0 Rc8 7. Bc2 e6 8. Re1 Qc7 9. d3 Be7 10. Bf4 e5 11. Bg3 0-0 12. Nbd2 b5 13. Nf1 b4 14. Ne3 bxc3 15. bxc3 Qa5 16. Qd2 Qa3 17. Bb3 Be6 18. Ng5 Nd8 19. Nxe6 Nxe6 20. Nf5 Rc7 21. Nxe7+ Rxe7 22. Bh4 Nf4 23. Bxf6 gxf6 24. Kh2 Qa6 25. Bc4 Qc8 26. Re3 Kh8 27. Rg3 h5 28. Rb1 Rc7 29. Bd5 Kh7 30. c4 Rg8 31. Rxg8 1/2-1/2

[Event "Liberec op 15th"]
[Site "Liberec"]
[Date "2015.02.14"]
[Round "1"]
[White "Moncayo Romero, Evelyn"]
[Black "Hruby, Vaclav"]
[Result "1-0"]
[WhiteElo "2080"]
[BlackElo "1693"]
[PlyCount "41"]
[EventDate "2015.02.14"]
[EventType "swiss"]
[EventRounds "9"]
[EventCountry "CZE"]
[SourceTitle "CBM 164 Extra"]
[Source "ChessBase"]
[SourceDate "2015.03.02"]
[SourceVersion "1"]
[SourceVersionDate "2015.03.02"]
[SourceQuality "1"]

1. e4 d6 2. d4 Nf6 3. Nc3 c6 4. Bd3 b5 5. e5 dxe5 6. dxe5 Nfd7 7. e6 Ne5 8. exf7+ Nxf7 9. Nxb5 cxb5 10. Qf3 Bd7 11. Qxa8 Bc6 12. Qxa7 Bxg2 13. Bxb5+ Nd7 14. Be3 Bxh1 15. f3 Nd6 16. Bc6 e5 17. 0-0-0 Be7 18. Bc5 0-0 19. Qxd7 Qxd7 20. Bxd7 Bg5+ 21. Kb1 1-0

[Event "Marianske Lazne op 14th"]
[Site "Marianske Lazne"]
[Date "2015.01.20"]
[Round "4"]
[White "Moncayo Romero, Evelyn"]
[Black "Ivanov, Mikhail M"]
[Result "0-1"]
[WhiteElo "2101"]
[BlackElo "2394"]
[PlyCount "101"]
[EventDate "2015.01.17"]
[EventType "swiss"]
[EventRounds "9"]
[EventCountry "CZE"]
[SourceTitle "CBM 164 Extra"]
[Source "ChessBase"]
[SourceDate "2015.03.02"]
[SourceVersion "1"]
[SourceVersionDate "2015.03.02"]
[SourceQuality "1"]

1. e4 g6 2. d4 Bg7 3. Nc3 d6 4. Bd3 c5 5. dxc5 dxc5 6. Bf4 Nc6 7. Nf3 Nf6 8. 0-0 0-0 9. h3 Nd7 10. Qe2 Nd4 11. Nxd4 cxd4 12. Nb1 e5 13. Bh2 Nc5 14. Bc4 a6 15. Rd1 Qg5 16. Kh1 Be6 17. Bxe6 Nxe6 18. Nd2 Rac8 19. Nf3 Qh5 20. a4 f6 21. c3 dxc3 22. bxc3 g5 23. Rd7 Rf7 24. Rad1 Rxd7 25. Rxd7 Qe8 26. Rxb7 Qxa4 27. Rb6 Nc5 28. Nd2 Qa1+ 29. Bg1 Qxc3 30. f3 a5 31. Nb1 Qc1 32. Kh2 Nd7 33. Qa2+ Qc4 34. Qxc4+ Rxc4 35. Ra6 a4 36. Rd6 Rc1 37. Rxd7 Rxb1 38. Ra7 Ra1 39. Bc5 h5 40. Kg3 Ra2 41. h4 Bh6 42. Bb4 g4 43. fxg4 Bf4+ 44. Kh3 Rb2 45. Be1 Re2 46. gxh5 Rxe1 47. Rxa4 f5 48. Ra8+ Kh7 49. g3 Re3 50. Ra7+ Kh6 51. Ra6+ 0-1

[Event "Olympiad Women-41"]
[Site "Tromsoe"]
[Date "2014.08.10"]
[Round "8.4"]
[White "Moncayo Romero, Evelyn"]
[Black "Ribeiro, Regina"]
[Result "1/2-1/2"]
[WhiteElo "2119"]
[BlackElo "2000"]
[PlyCount "117"]
[EventDate "2014.08.02"]
[EventType "team-swiss"]
[EventRounds "11"]
[EventCountry "NOR"]
[SourceTitle "CBM 162"]
[Source "ChessBase"]
[SourceDate "2014.09.17"]
[SourceVersion "1"]
[SourceVersionDate "2014.09.17"]
[SourceQuality "1"]
[WhiteTeam "Ecuador (W)"]
[BlackTeam "Brazil (W)"]
[WhiteTeamCountry "ECU"]
[BlackTeamCountry "BRA"]

1. e4 e6 2. d4 d5 3. Nc3 Bb4 4. Nge2 dxe4 5. a3 Be7 6. Nxe4 Bd7 7. Be3 Bb5 8. Qd2 Nd7 9. Rc1 Ngf6 10. Nxf6+ Nxf6 11. c4 Bc6 12. f3 0-0 13. Ng3 Qd7 14. Bd3 b5 15. cxb5 Bxb5 16. 0-0 Bxd3 17. Qxd3 c5 18. Rfd1 Rfd8 19. Qe2 cxd4 20. Bxd4 Qa4 21. Rc4 Qa5 22. Qc2 Nd5 23. Ra4 Qc7 24. Rc4 Qa5 25. Nf1 Rd7 26. b4 Qd8 27. Be5 f6 28. Bb2 e5 29. Qf5 g6 30. Qe6+ Kf8 31. Ne3 Rd6 32. Qh3 Nxe3 33. Qh6+ Ke8 34. Rxd6 Qxd6 35. Qxe3 Qd1+ 36. Kf2 Rd8 37. Rc1 Qd2+ 38. Qe2 Rd7 39. Rc2 Qxe2+ 40. Kxe2 Kf7 41. Rc8 Ke6 42. Bc1 Rd8 43. Rc4 Bd6 44. Be3 Kd5 45. Kd3 f5 46. g3 a6 47. a4 Rb8 48. Bd2 Rb7 49. f4 Rc7 50. Rxc7 e4+ 51. Kc3 Bxc7 52. Be3 Kc6 53. Kc4 Bb6 54. Bd4 h6 55. h3 h5 56. h4 Bxd4 57. Kxd4 Kb6 58. Kc4 Kc6 59. Kd4 1/2-1/2